Felipe Mª Garín Ortíz de Taranco (Record no. 70690)

MARC details
000 -LEADER
campo de control de longitud fija 00667nam a2200181 i 4500
001 - NÚMERO DE CONTROL
campo de control 70690
003 - IDENTIFICADOR DE NÚMERO DE CONTROL
campo de control ES-MaACL
005 - FECHA Y HORA DE LA ÚLTIMA TRANSACCIÓN
campo de control 20260303141307.0
007 - CAMPO FIJO DE DESCRIPCIÓN FÍSICA--INFORMACIÓN GENERAL
campo de control de longitud fija t|
008 - DATOS DE LONGITUD FIJA--INFORMACIÓN GENERAL
campo de control de longitud fija 040802s1955 sp ||||1| spa d
100 1# - ENTRADA PRINCIPAL--NOMBRE DE PERSONA
Nombre de persona Garín Ortiz de Taranco, Felipe María.
9 (RLIN) 55562
245 10 - MENCIÓN DEL TÍTULO
Título Felipe Mª Garín Ortíz de Taranco
Resto del título : catálogo-guía del Museo Provincial de Bellas Artes de San Carlos /
Mención de responsabilidad, etc. Felipe Mª Garín Ortíz de Taranco.
260 ## - PUBLICACIÓN, DISTRIBUCIÓN, ETC.
Lugar de publicación, distribución, etc. Valencia :
Nombre del editor, distribuidor, etc. Instituto Alfonso el Magnánimo,
Fecha de publicación, distribución, etc. 1955.
300 ## - DESCRIPCIÓN FÍSICA
Extensión LX, 360 p., 26 lám. ;
Dimensiones 17 cm.
710 2# - ENTRADA AGREGADA--NOMBRE DE ENTIDAD CORPORATIVA
Nombre de entidad corporativa o nombre de jurisdicción como elemento de entrada Institució Alfons el Magnànim
9 (RLIN) 173001
852 ## - LOCALIZACIÓN
Ubicación ES-MaACL
Número de control de estantería C-21224
Sublocalización o colección R.49490
Holdings
Estatus retirado Estado de pérdida Estado de daño No para préstamo Biblioteca de origen Biblioteca actual Ubicación en estantería Fecha de adquisición Fuente de adquisición Total de préstamos Signatura topográfica completa Código de barras Visto por última vez Precio de reemplazo Tipo de ítem Koha
        Biblioteca del Ateneo de Madrid Biblioteca del Ateneo de Madrid Galería 17/01/2008     C-21224 1074018 23/02/2023 23/02/2023 Libro impreso